| 000 | 00348nam a2200145Ia 4500 | ||
|---|---|---|---|
| 008 | 230312s9999||||xx |||||||||||||| ||und|| | ||
| 020 | _a93-325-4964-7 | ||
| 082 |
_a512.5 _bFRI-L |
||
| 100 | _aFriedberg;Stephen.H | ||
| 245 | 0 | _aLinear Algebra | |
| 260 |
_bPearson _aIndia _c2018 |
||
| 300 | _a526 | ||
| 650 |
_aEngineering _vAvionics |
||
| 942 | _cBK | ||
| 999 |
_c10363 _d10363 |
||